000 00816nam a2200229Ia 4500
001 17179
003 GE_BSU
008 181216s||||||||xx |||||||||||||| ||und||
040 _cGE_BSU
080 _a821.161.1-32
100 _aპუშკინი, ალექსანდრე სერგეის-ძე
245 _aკაპიტანის ქალიშვილი
245 _bმოთხრობა
245 _cმთარგმნ.: შალვა დადიანი. რედ. ვ. ძიძიგური
260 _aთბილისი
260 _bსაბლიტგამი
260 _c1952
300 _a170გვ. : ილ. ; 21სმ.
653 _aკაპიტანის ქალიშვილი
653 _aმოთხრობა
942 _cBK
999 _c50241
_d50241